[Event "ch-Africa 2025"]
[Site "Kerdasa EGY"]
[Date "2025.05.13"]
[Round "1.1"]
[White "Amin, Bassem"]
[Black "Idrissi, Chafik"]
[Result "1-0"]
[WhiteTitle "GM"]
[BlackTitle "CM"]
[WhiteElo "2649"]
[BlackElo "2107"]
[WhiteFideId "10601457"]
[BlackFideId "9000259"]
[EventDate "2025.05.13"]

1. e4 c5 2. Nf3 d6 3. g3 Nf6 4. d3 Nc6 5. Bg2 g6 6. O-O Bg7 7. c3 O-O 8. Re1 e5
9. a4 h6 10. Bd2 d5 11. Na3 dxe4 12. dxe4 Be6 13. Qe2 b6 14. Nc4 Qc7 15. Qf1
Rad8 16. Bh3 Ng4 17. Bc1 f5 18. Nfd2 f4 19. f3 fxg3 20. hxg3 Qc8 21. Qe2 Nf6 22.
Bxe6+ Qxe6 23. Kg2 Rd7 24. Na3 Rdf7 25. Nf1 Nh5 26. Nh2 Kh7 27. Be3 Bf6 28. Nc4
Bg5 29. Bxg5 hxg5 30. Rf1 Nf6 31. Ne3 Kg7 32. Rad1 Qb3 33. Rd6 Na5 1-0

[Event "ch-Africa 2025"]
[Site "Kerdasa EGY"]
[Date "2025.05.13"]
[Round "1.2"]
[White "Jele, Tapiwa"]
[Black "Adly, Ahmed"]
[Result "0-1"]
[BlackTitle "GM"]
[WhiteElo "2105"]
[BlackElo "2597"]
[WhiteFideId "11002344"]
[BlackFideId "10601619"]
[EventDate "2025.05.13"]

1. d4 Nf6 2. Nf3 e6 3. Bg5 c5 4. e3 b6 5. Nbd2 Bb7 6. Bd3 h6 7. Bh4 g5 8. Bg3 d6
9. c3 g4 10. Nh4 Be7 11. Qe2 Rg8 12. f4 Nh5 13. Qf2 Nd7 14. f5 e5 15. f6 Bf8 16.
dxe5 dxe5 17. Bb5 a6 18. Bxd7+ Qxd7 19. Nc4 Qe6 20. b3 b5 21. Nd2 Nxf6 22. O-O
Ne4 23. Nxe4 Bxe4 24. Bxe5 Rg5 25. Bf6 Rh5 26. Rad1 Bd6 27. Qe2 Bc7 28. c4 Kf8
29. h3 Bg3 30. Qxg4 Qxg4 31. hxg4 Rxh4 32. Bxh4 Bxh4 33. Rd7 Bg6 34. Rc7 bxc4
35. bxc4 Bg5 36. Kf2 Rb8 37. Re1 Rb2+ 38. Kf3 Be7 39. a4 Ra2 40. Rd1 Ra3 41.
Rdd7 Bg5 42. Rxc5 Bxe3 43. Rc6 Bg5+ 44. Ke2 Ra2+ 45. Kf3 Rxa4 46. Ra7 Ra3+ 47.
Ke2 Bd3+ 48. Kf2 Ra2+ 49. Kf3 Ra1 50. g3 Rf1+ 51. Kg2 Be3 52. Ra8+ Ke7 53. g5
Rf2+ 54. Kh3 Bf1+ 55. Kg4 h5+ 0-1

[Event "ch-Africa 2025"]
[Site "Kerdasa EGY"]
[Date "2025.05.13"]
[Round "1.3"]
[White "Fawzy, Adham"]
[Black "Khalil, Ahmed Salem"]
[Result "1-0"]
[WhiteTitle "GM"]
[BlackTitle "CM"]
[WhiteElo "2513"]
[BlackElo "2102"]
[WhiteFideId "10613129"]
[BlackFideId "10616624"]
[EventDate "2025.05.13"]

1. e4 g6 2. d4 Bg7 3. Nc3 d6 4. g3 a6 5. Bg2 Nc6 6. Nge2 e5 7. dxe5 Nxe5 8. f4
Nc6 9. Be3 Nge7 10. Qd2 b6 11. Rd1 Bb7 12. g4 Qd7 13. h3 O-O-O 14. Qc1 Qe8 15.
O-O f5 16. Bf2 Qf7 17. a3 fxe4 18. Nxe4 h5 19. Ng5 Qc4 20. Rd3 hxg4 21. hxg4 Bf6
22. Ne4 Bg7 23. N2c3 Bd4 24. Bxd4 Nxd4 25. b3 Qe6 26. Rxd4 Qxg4 27. Rd3 Nf5 28.
Qd1 Qh4 29. Rh3 Qe7 30. Nd5 Qg7 31. Rc3 c6 32. Ng5 Rde8 33. Qd2 Kb8 34. Ne3 Nd4
35. Rd3 c5 36. c3 Bxg2 37. Qxg2 Nb5 38. Nd5 Qb7 39. a4 Na7 40. Ne3 Qc7 41. Nc4
Nc8 42. Re3 Qg7 43. Rxe8 Rxe8 44. Qc6 Qe7 45. Nf3 Rh8 46. Nxb6 Qb7 47. Qxb7+
Kxb7 48. Nxc8 Kxc8 49. Kf2 Rf8 50. Ke3 Re8+ 51. Kd3 Kd7 52. Nh4 Rh8 53. Nxg6
Rh3+ 54. Kd2 Rh2+ 55. Ke3 Ke6 56. f5+ Kf6 57. Kd3 d5 58. Nf4 1-0

[Event "ch-Africa 2025"]
[Site "Kerdasa EGY"]
[Date "2025.05.13"]
[Round "1.4"]
[White "Cogan, Nicolas"]
[Black "Bellahcene, Bilel"]
[Result "0-1"]
[WhiteTitle "CM"]
[BlackTitle "GM"]
[WhiteElo "2099"]
[BlackElo "2504"]
[WhiteFideId "679356"]
[BlackFideId "696358"]
[EventDate "2025.05.13"]

1. d4 Nf6 2. Nf3 e6 3. Bg5 h6 4. Bh4 d6 5. Nbd2 g5 6. Bg3 Nh5 7. e3 Bg7 8. Bd3
Nd7 9. c3 Qe7 10. Qe2 a5 11. a4 b6 12. e4 Bb7 13. Nc4 O-O 14. O-O Rae8 15. Nfd2
Nxg3 16. hxg3 d5 17. exd5 Bxd5 18. Rfe1 c5 19. Ne3 Ba8 20. Nf5 Qf6 21. Nxg7 Kxg7
22. Ne4 Qe7 23. dxc5 bxc5 24. Bb5 Rd8 25. Rad1 Nf6 26. Nxf6 Qxf6 27. Qe3 Qf5 28.
Bd3 Qd5 29. f3 Qd6 30. Kh2 Qc7 31. Be4 Bxe4 32. Qxe4 Rxd1 33. Rxd1 Rb8 34. Rd2
h5 35. Rd7 Qxd7 36. Qe5+ Kh7 37. Qxb8 f6 38. f4 gxf4 39. gxf4 Qxa4 40. Qc7+ Kg6
41. f5+ exf5 42. Qxc5 Qh4+ 43. Kg1 Qe1+ 44. Kh2 Qe5+ 45. Qxe5 fxe5 46. b4 axb4
47. cxb4 Kf6 0-1

[Event "ch-Africa 2025"]
[Site "Kerdasa EGY"]
[Date "2025.05.13"]
[Round "1.5"]
[White "Abdelnabbi, Imed"]
[Black "Ahmed, Moustafa Elsayed"]
[Result "1-0"]
[WhiteTitle "IM"]
[WhiteElo "2385"]
[BlackElo "2079"]
[WhiteFideId "10600035"]
[BlackFideId "10610804"]
[EventDate "2025.05.13"]

1. d4 Nf6 2. c4 c5 3. Nf3 g6 4. Nc3 Bg7 5. e4 cxd4 6. Nxd4 d6 7. Be2 Nc6 8. Be3
O-O 9. O-O a5 10. Ndb5 Bd7 11. f3 Be6 12. Nd5 Nd7 13. Ndc7 Rc8 14. Nxe6 fxe6 15.
Rb1 Nce5 16. b3 Nc5 17. Qd2 Nc6 18. a3 a4 19. b4 Nb3 20. Qd1 b6 21. f4 e5 22.
Bg4 exf4 23. Rxf4 Rxf4 24. Bxf4 Ncd4 25. Bxc8 Qxc8 26. Qd3 Qg4 27. Nxd4 Nxd4 28.
Be3 Ne2+ 29. Kh1 Be5 30. Bh6 Ng3+ 31. hxg3 Qh5+ 32. Kg1 Qxh6 33. c5 Qg7 34. Rd1
bxc5 35. bxc5 h5 36. c6 e6 37. Qc4 Qa7+ 38. Kh1 d5 39. exd5 Qe7 40. d6 Bxd6 41.
Rxd6 Qxd6 42. c7 1-0

[Event "ch-Africa 2025"]
[Site "Kerdasa EGY"]
[Date "2025.05.13"]
[Round "1.6"]
[White "Elhusseiny, Eyad"]
[Black "Wafa, Hamed"]
[Result "0-1"]
[WhiteTitle "CM"]
[BlackTitle "IM"]
[WhiteElo "2075"]
[BlackElo "2367"]
[WhiteFideId "10681523"]
[BlackFideId "10628452"]
[EventDate "2025.05.13"]

1. Nf3 Nf6 2. c4 b6 3. e3 Bb7 4. b3 g6 5. Bb2 Bg7 6. Be2 O-O 7. Nc3 c5 8. O-O
Nc6 9. a3 d5 10. cxd5 Nxd5 11. Qc2 e5 12. Nxd5 Qxd5 13. Bc4 Qd6 14. Ng5 Na5 15.
f4 Nxc4 16. bxc4 Rad8 17. Rad1 Qe7 18. Ne4 f5 19. Ng3 e4 20. Bxg7 Kxg7 21. Ne2
Qe6 22. Qa4 Rd7 23. Rf2 Rfd8 24. g4 fxg4 25. Ng3 Rf7 26. Rdf1 Rdf8 27. Qb5 Kg8
28. Qa4 Bc6 29. Qc2 h5 30. f5 Qe5 31. fxg6 Rxf2 32. Rxf2 Rxf2 33. Kxf2 h4 34.
Nf1 Qf6+ 35. Ke1 Qf3 36. Qd1 Qxd1+ 37. Kxd1 Ba4+ 38. Ke2 Bc2 0-1

[Event "ch-Africa 2025"]
[Site "Kerdasa EGY"]
[Date "2025.05.13"]
[Round "1.7"]
[White "George Samir, David"]
[Black "Nader Obeid"]
[Result "1-0"]
[WhiteTitle "FM"]
[BlackTitle "FM"]
[WhiteElo "2346"]
[BlackElo "2069"]
[WhiteFideId "10657789"]
[BlackFideId "12200085"]
[EventDate "2025.05.13"]

1. e4 c6 2. d4 d5 3. e5 Bf5 4. h4 h5 5. Bd3 Qd7 6. Nf3 Na6 7. O-O Nb4 8. Bxf5
Qxf5 9. Na3 e6 10. Bg5 Be7 11. c3 Na6 12. Nc2 Bxg5 13. Nxg5 Ne7 14. Ne3 Qg6 15.
g3 Nc7 16. Ng2 Nf5 17. Nf4 Qh6 18. a4 g6 19. Nd3 Qf8 20. Qb3 Rb8 21. Nb4 Rc8 22.
a5 a6 23. Nd3 Rb8 24. Nc5 Qe7 25. Rfe1 Nb5 26. Qd1 Nc7 27. Qd2 Nb5 28. Nd3 Kf8
29. Qf4 Kg7 30. Kg2 Rbe8 31. Qd2 Rc8 32. Rh1 Rcd8 33. Nc5 Rb8 34. Qf4 Rbe8 35.
f3 Rh6 36. g4 hxg4 37. fxg4 Nxh4+ 38. Kg3 Reh8 39. Raf1 Nf5+ 40. gxf5 gxf5 41.
Rxh6 Rxh6 42. Kf2 1-0

[Event "ch-Africa 2025"]
[Site "Kerdasa EGY"]
[Date "2025.05.13"]
[Round "1.8"]
[White "Bakeer Ehab, Ahmad"]
[Black "Ezat, Mohamed"]
[Result "0-1"]
[BlackTitle "IM"]
[WhiteElo "2069"]
[BlackElo "2296"]
[WhiteFideId "54240433"]
[BlackFideId "10600906"]
[EventDate "2025.05.13"]

1. e4 g6 2. d4 Bg7 3. Nc3 c6 4. f4 d5 5. e5 Nh6 6. Be2 Qb6 7. Nf3 Bg4 8. O-O Nf5
9. Na4 Qc7 10. h3 Bxf3 11. Bxf3 h5 12. c3 e6 13. Qd3 Bf8 14. b4 Nd7 15. Nc5 Nb6
16. a4 a5 17. Bd1 Nc4 18. Bb3 b6 19. Ne4 Be7 20. Bxc4 dxe4 21. Qb1 axb4 22. cxb4
Nxd4 23. Qxe4 Bxb4 24. Be3 Nf5 25. Bf2 Bc5 26. Bxc5 bxc5 27. Ra3 Kf8 28. Rc1 Kg7
29. Be2 Ra5 30. Rac3 Rd8 31. Bf3 Qa7 32. Qxc6 Nd4 33. Qe4 Rxa4 34. Qe3 Ra1 35.
Kh2 Rxc1 36. Rxc1 Rb8 37. Be4 Qa5 38. Qf2 Qa3 39. Rf1 Qa5 40. Rc1 Nb3 41. Rc2
Qd8 42. Ra2 Qd4 43. Qc2 Rb4 44. Rb2 Qxe4 45. Qxe4 Rxe4 46. Rxb3 Rxf4 47. Rc3 c4
48. Kg3 g5 49. Ra3 h4+ 50. Kh2 Rd4 0-1

[Event "ch-Africa 2025"]
[Site "Kerdasa EGY"]
[Date "2025.05.13"]
[Round "1.9"]
[White "Kandil, Ahmed"]
[Black "Ahmed Hassan Ahmed"]
[Result "1-0"]
[WhiteTitle "FM"]
[BlackTitle "CM"]
[WhiteElo "2289"]
[BlackElo "2050"]
[WhiteFideId "10628401"]
[BlackFideId "12201588"]
[EventDate "2025.05.13"]

1. e4 c5 2. Nf3 Nc6 3. d4 cxd4 4. Nxd4 g6 5. c4 Nf6 6. Nc3 d6 7. Be2 Nxd4 8.
Qxd4 Bg7 9. Be3 O-O 10. Qd3 Be6 11. O-O Qa5 12. Bd4 Rfc8 13. b3 Nh5 14. Bxh5
Bxd4 15. Qxd4 Qxh5 16. Kh1 Qc5 17. Qd2 Qa5 18. f4 f6 19. Qe3 Qc5 20. Qg3 Kh8 21.
Nd5 Bxd5 22. exd5 Rg8 23. Rae1 Rg7 24. Qd3 Rc8 25. Re6 a6 26. Rfe1 Rc7 27. h3
Rf7 28. f5 g5 29. Qf3 Kg7 30. R1e4 Qa3 31. Qe2 Kf8 32. Qh5 b5 33. Qh6+ Kg8 34.
Kh2 Qc1 35. Rxd6 Rf8 36. Rde6 bxc4 37. bxc4 Rb7 38. d6 exd6 39. Rxf6 Rd8 40.
Rfe6 1-0

[Event "ch-Africa 2025"]
[Site "Kerdasa EGY"]
[Date "2025.05.13"]
[Round "1.10"]
[White "El, Hadji Saidou Nourou BA"]
[Black "Kandil, Adham"]
[Result "0-1"]
[BlackTitle "IM"]
[WhiteElo "2049"]
[BlackElo "2265"]
[WhiteFideId "19900511"]
[BlackFideId "10618490"]
[EventDate "2025.05.13"]

1. e4 c5 2. Nf3 d6 3. d4 cxd4 4. Nxd4 Nf6 5. Nc3 a6 6. Be3 e5 7. Nb3 Be6 8. f3
h5 9. Qd2 Nbd7 10. O-O-O Rc8 11. Kb1 Be7 12. Qf2 O-O 13. Nd5 Nxd5 14. exd5 Bf5
15. Bd3 Bxd3 16. Rxd3 Bg5 17. h4 Bxe3 18. Qxe3 f5 19. g3 f4 20. Qf2 fxg3 21.
Qxg3 Rf4 22. Qg6 Nf6 23. Nc1 Rcc4 24. Rg1 Qf8 25. Ne2 Rxh4 26. Ng3 Qe8 27. Qxe8+
Nxe8 28. Nf5 Rhf4 29. Ne3 Rcd4 30. Rc3 Rxf3 31. Rc8 Kf7 32. Nc4 Rxd5 33. a4 h4
34. Rb8 b5 35. Rb7+ Kf6 36. Nb6 Rd2 37. Rb8 Kf7 38. Rb7+ Kf8 39. Nd7+ Kg8 40.
Rb8 Kf7 41. axb5 axb5 42. Rb7 Ke6 43. Nb6 h3 44. Rb8 h2 45. Rh1 Nf6 46. Nc8 Rg3
47. Ka2 Rg1 48. Rxh2 Rxh2 49. Rxb5 Rxc2 50. Rb6 Rxc8 0-1

[Event "ch-Africa 2025"]
[Site "Kerdasa EGY"]
[Date "2025.05.13"]
[Round "1.11"]
[White "Ashraf, Shereif"]
[Black "Oluka Robert Mcligeyo"]
[Result "1-0"]
[WhiteTitle "FM"]
[BlackTitle "CM"]
[WhiteElo "2264"]
[BlackElo "2047"]
[WhiteFideId "10618260"]
[BlackFideId "10814647"]
[EventDate "2025.05.13"]

1. e4 e5 2. Nf3 Nf6 3. Nxe5 d6 4. Nf3 Nxe4 5. Nc3 Nxc3 6. dxc3 Be7 7. Bf4 Nc6 8.
Qd2 Be6 9. O-O-O Qd7 10. Kb1 O-O 11. h3 Na5 12. b3 Rfd8 13. Nd4 c5 14. Nxe6 fxe6
15. Be2 Nc6 16. Bg4 Qc7 17. Bxe6+ Kh8 18. g4 Qa5 19. g5 Ne5 20. Be3 c4 21. f4
cxb3 22. cxb3 Nd7 23. h4 Qc7 24. h5 Bf8 25. h6 1-0

[Event "ch-Africa 2025"]
[Site "Kerdasa EGY"]
[Date "2025.05.13"]
[Round "1.12"]
[White "Mena, Martin"]
[Black "Yousry, Salah"]
[Result "0-1"]
[WhiteTitle "FM"]
[BlackTitle "FM"]
[WhiteElo "2044"]
[BlackElo "2256"]
[WhiteFideId "10651225"]
[BlackFideId "10601120"]
[EventDate "2025.05.13"]

1. d4 Nf6 2. Nf3 g6 3. Bg5 Bg7 4. Nbd2 O-O 5. e4 d5 6. Bd3 h6 7. Bxf6 exf6 8. c3
dxe4 9. Nxe4 f5 10. Ng3 Re8+ 11. Ne2 b6 12. O-O Bb7 13. Bb5 Re7 14. Nf4 Qd6 15.
Nd3 Nd7 16. Re1 Rxe1+ 17. Ndxe1 Nf6 18. Ne5 Nh5 19. N1f3 Nf4 20. Bc4 Rf8 21. Qb3
Bxe5 22. Nxe5 Bxg2 23. Bxf7+ Kg7 24. Re1 Qf6 25. Re3 Be4 26. Qd1 Rxf7 27. Nxf7
Kxf7 28. Rg3 Nh5 29. Qb3+ Kg7 30. Qc4 c6 0-1

[Event "ch-Africa 2025"]
[Site "Kerdasa EGY"]
[Date "2025.05.13"]
[Round "1.13"]
[White "Fadi, Marko"]
[Black "Sayed, Hany"]
[Result "1-0"]
[WhiteTitle "FM"]
[WhiteElo "2244"]
[BlackElo "2033"]
[WhiteFideId "10605371"]
[BlackFideId "10605878"]
[EventDate "2025.05.13"]

1. c4 e5 2. g3 Nf6 3. Bg2 Nc6 4. Nc3 Bb4 5. d3 O-O 6. Bd2 Re8 7. Nf3 e4 8. Nxe4
Nxe4 9. dxe4 Rxe4 10. Bxb4 Nxb4 11. a3 Nc6 12. Qd3 Re8 13. O-O Qf6 14. b4 d6 15.
e4 Bg4 16. Nd2 Qd4 17. Qc2 Be2 18. Rfe1 Bd3 19. Qa2 a5 20. b5 Ne5 21. Rac1 a4
22. Re3 c6 23. Qa1 Qxa1 24. Rxa1 cxb5 25. f4 bxc4 26. fxe5 dxe5 27. Bf1 Bxf1 28.
Kxf1 b5 29. Rb1 Rab8 30. Rb4 Rec8 31. Nb1 Rb6 32. Nc3 Rcb8 33. Re2 g6 34. Reb2
f5 35. Rxb5 Rxb5 36. Rxb5 Rxb5 37. Nxb5 Kg7 38. Nc3 Kf6 39. Nxa4 Ke6 40. Nb6 c3
41. Ke2 f4 42. Nd5 fxg3 43. hxg3 c2 44. Kd2 h5 45. Kxc2 g5 46. Kd3 Kd6 47. Ke3
h4 48. gxh4 1-0

[Event "ch-Africa 2025"]
[Site "Kerdasa EGY"]
[Date "2025.05.13"]
[Round "1.14"]
[White "Hossam Mohamed, Adham"]
[Black "Amdouni, Zoubaier"]
[Result "1-0"]
[WhiteTitle "CM"]
[BlackTitle "FM"]
[WhiteElo "2014"]
[BlackElo "2226"]
[WhiteFideId "10669671"]
[BlackFideId "5500419"]
[EventDate "2025.05.13"]

1. e4 c5 2. Nf3 Nc6 3. d4 cxd4 4. Nxd4 Nf6 5. Nc3 g6 6. Be3 Bg7 7. Bc4 O-O 8. f3
Qb6 9. Qd2 Nxe4 10. fxe4 Bxd4 11. Bxd4 Qxd4 12. Qxd4 Nxd4 13. O-O-O Nc6 14. Nd5
Kg7 15. Rhf1 f6 16. c3 Rb8 17. a4 d6 18. Nc7 Nd8 19. Nd5 Be6 20. Be2 Nc6 21. b4
Rbc8 22. Kb2 Rfe8 23. Nf4 Bd7 24. Kb3 Ne5 25. Rd4 Kf7 26. h3 Be6+ 27. Nxe6 Kxe6
28. c4 b6 29. Rd5 f5 30. exf5+ gxf5 31. Re1 Kf6 32. Rf1 Rcd8 33. Rd4 Ng6 34. Bd3
e6 35. g4 Ke5 36. Kc3 Ne7 37. g5 Nd5+ 38. cxd5 Rc8+ 39. Bc4 f4 40. dxe6 1-0

[Event "ch-Africa 2025"]
[Site "Kerdasa EGY"]
[Date "2025.05.13"]
[Round "1.17"]
[White "Tamer Waguih, Farid"]
[Black "Abdin, Mahmoud"]
[Result "1-0"]
[WhiteTitle "FM"]
[WhiteElo "2206"]
[BlackElo "1993"]
[WhiteFideId "10685723"]
[BlackFideId "10653376"]
[EventDate "2025.05.13"]

1. e4 c5 2. Nf3 Nc6 3. d4 cxd4 4. Nxd4 Nf6 5. Nc3 g6 6. Be2 Bg7 7. Nb3 O-O 8.
O-O d6 9. Re1 a6 10. Bf1 Be6 11. Bg5 h6 12. Bh4 Nd7 13. Qd2 b5 14. Rad1 Bc4 15.
Nd5 Nb6 16. c3 g5 17. Bg3 f5 18. Nxb6 Qxb6 19. exf5 Rxf5 20. Nd4 Nxd4 21. Bxc4+
bxc4 22. cxd4 Rd5 23. Rxe7 Qxd4 24. Rxg7+ Kxg7 25. Qxd4+ Rxd4 26. Rxd4 Rb8 27.
Rxd6 Rb5 28. h3 Kf7 29. Rxa6 Rxb2 30. Rc6 Rb1+ 31. Kh2 Rc1 32. Rxh6 c3 33. Rc6
c2 34. a4 Ke7 35. a5 1-0

[Event "ch-Africa 2025"]
[Site "Kerdasa EGY"]
[Date "2025.05.13"]
[Round "1.18"]
[White "Ahmed Moustafa, Fares"]
[Black "Sayed Hassan, Mohamed"]
[Result "0-1"]
[WhiteElo "1968"]
[BlackElo "2201"]
[WhiteFideId "54221285"]
[BlackFideId "10603468"]
[EventDate "2025.05.13"]

1. e4 c5 2. Nf3 e6 3. d4 cxd4 4. Nxd4 a6 5. Nc3 Qc7 6. a3 Nf6 7. Be3 b5 8. Qd3
Bb7 9. Bg5 Be7 10. Be2 O-O 11. O-O d6 12. f4 h6 13. Bh4 Nbd7 14. Bf3 Nc5 15. Qe3
Ng4 16. Qe1 Bxh4 17. Qxh4 Ne3 18. Rf2 Qb6 19. f5 e5 20. Nb3 Nd7 21. g4 Nxc2 22.
Rd1 f6 23. Qg3 Rfc8 24. h4 Ne3 25. Re1 Nc2 26. Rd1 Nd4 27. Nxd4 exd4 28. Ne2 d3
29. Rxd3 Ne5 30. Rd1 Rc4 31. Nc3 Qe3 32. Kg2 Rxc3 33. bxc3 Nxf3 34. Rxf3 Qe2+
35. Qf2 Qxd1 36. Rf4 Re8 37. Qa7 Bxe4+ 38. Rxe4 Qc2+ 0-1

[Event "ch-Africa 2025"]
[Site "Kerdasa EGY"]
[Date "2025.05.13"]
[Round "1.19"]
[White "Alhassadi, Yousef A."]
[Black "Elnasri, Mohammed"]
[Result "1-0"]
[WhiteTitle "FM"]
[BlackTitle "CM"]
[WhiteElo "2165"]
[BlackElo "1943"]
[WhiteFideId "9204725"]
[BlackFideId "12200883"]
[EventDate "2025.05.13"]

1. e4 c5 2. c3 e6 3. Nf3 d6 4. d4 cxd4 5. cxd4 Nf6 6. Nc3 a6 7. Bd3 Nc6 8. O-O
b5 9. a3 e5 10. d5 Nb8 11. b4 Be7 12. h3 h6 13. Be3 g5 14. Nh2 Nbd7 15. a4 bxa4
16. Rxa4 Rb8 17. Qe2 Nb6 18. Ra3 g4 19. hxg4 h5 20. g5 Ng4 21. Nxg4 hxg4 22. g6
Kf8 23. Bxa6 Bd7 24. Bb5 Bc8 25. Ra7 fxg6 26. f4 g3 27. fxe5+ Kg7 28. Qd2 Bb7
29. exd6 Bxd6 30. Qd4+ Kg8 31. Rf6 Nc8 32. Rxg6+ 1-0

[Event "ch-Africa 2025"]
[Site "Kerdasa EGY"]
[Date "2025.05.13"]
[Round "1.20"]
[White "Ali Abdullahi, Farah"]
[Black "El Ghazali, Youssef M."]
[Result "0-1"]
[WhiteTitle "CM"]
[BlackTitle "IM"]
[WhiteElo "1933"]
[BlackElo "2149"]
[WhiteFideId "16100212"]
[BlackFideId "10600167"]
[EventDate "2025.05.13"]

1. d4 Nf6 2. c4 e6 3. Nc3 d5 4. Bg5 Bb4 5. e3 c6 6. Qb3 Qa5 7. Bxf6 gxf6 8. Nf3
Nd7 9. cxd5 cxd5 10. O-O-O Bxc3 11. bxc3 Nb6 12. Qb5+ Qxb5 13. Bxb5+ Bd7 14.
Bxd7+ Kxd7 15. Kb2 Rac8 16. Rc1 Rc6 17. Nd2 Rhc8 18. Kb3 Na8 19. e4 Rb6+ 20. Kc2
Ra6 21. Kb2 Nb6 22. exd5 exd5 23. Rhe1 Na4+ 24. Kb3 Rcc6 25. Re3 Rcb6+ 26. Kc2
Rb2+ 27. Kd1 Nb6 28. Rc2 Rxc2 29. Kxc2 Rxa2+ 30. Kd3 Rxd2+ 31. Kxd2 Nc4+ 32. Kd3
Nxe3 33. fxe3 f5 34. h3 h5 35. c4 dxc4+ 36. Kxc4 Kd6 37. g3 a5 38. h4 a4 39. Kb4
b5 40. Kc3 Kc6 41. Kb4 Kd5 42. Ka3 Kc4 43. Kb2 b4 44. Ka2 a3 0-1

[Event "ch-Africa 2025"]
[Site "Kerdasa EGY"]
[Date "2025.05.14"]
[Round "2.1"]
[White "Fadi, Marko"]
[Black "Amin, Bassem"]
[Result "1/2-1/2"]
[WhiteTitle "FM"]
[BlackTitle "GM"]
[WhiteElo "2244"]
[BlackElo "2649"]
[WhiteFideId "10605371"]
[BlackFideId "10601457"]
[EventDate "2025.05.13"]

1. e4 e6 2. d4 d5 3. e5 c5 4. c3 Nc6 5. Nf3 Qb6 6. Be2 Nh6 7. b3 cxd4 8. cxd4
Nf5 9. Bb2 Bb4+ 10. Kf1 Be7 11. Nc3 O-O 12. Bd3 Qd8 13. Ne2 f6 14. Bxf5 exf5 15.
Nf4 g5 16. exf6 Bxf6 17. Nh5 f4 18. h4 g4 19. Ne5 Bxh4 20. Nxg4 f3 21. Nh6+ Kh8
22. g3 Bg5 23. Bc1 b6 24. Bf4 Ba6+ 25. Kg1 Bxf4 26. Nxf4 Rxf4 27. gxf4 Qf6 28.
Rh2 Nxd4 29. Nf7+ Kg8 30. Ng5 h6 31. Nh3 Ne2+ 32. Kh1 Rd8 33. Ng1 Qxf4 34. Qc2
Qe4 35. Qc7 Rc8 1/2-1/2

[Event "ch-Africa 2025"]
[Site "Kerdasa EGY"]
[Date "2025.05.14"]
[Round "2.2"]
[White "Adly, Ahmed"]
[Black "Ahmed, Ahmed Alaa"]
[Result "1/2-1/2"]
[WhiteTitle "GM"]
[WhiteElo "2597"]
[BlackElo "2223"]
[WhiteFideId "10601619"]
[BlackFideId "10624562"]
[EventDate "2025.05.13"]

1. d4 Nf6 2. g3 e6 3. Bg2 d5 4. Nf3 Be7 5. O-O O-O 6. c4 dxc4 7. Ne5 Nc6 8. Nxc6
bxc6 9. Na3 Bxa3 10. bxa3 Ba6 11. Qa4 Bb5 12. Qa5 Qc8 13. a4 Qa6 14. Qxa6 Bxa6
15. Bxc6 Rab8 16. Ba3 Rfd8 17. e3 Nd5 18. Bc5 Rb2 19. Rfc1 Nb4 20. Bxb4 Rxb4 21.
a3 Rb6 22. Bb5 Bxb5 23. axb5 c6 24. a4 cxb5 25. axb5 Rxb5 26. Rxa7 Rb4 27. Rc7
g5 28. h3 Kg7 29. Ra1 Kg6 30. Raa7 Rf8 31. Kg2 h5 32. Kf3 Rbb8 33. Rxc4 Ra8 34.
Rac7 Ra2 35. Rb4 g4+ 36. hxg4 hxg4+ 37. Kg2 Ra5 38. Rc5 Rfa8 39. Rb1 R8a7 40.
Rh1 Rxc5 41. dxc5 Rc7 42. Rc1 Kf5 43. f3 gxf3+ 44. Kxf3 Ke5 45. Kg4 Ke4 46. Rc3
Rc6 47. Kg5 e5 48. g4 Rg6+ 49. Kh5 Rc6 50. g5 Kf3 51. Kh4 e4 52. Kh5 Kg3 53. Rc1
Kf2 54. Rc3 Kg3 55. Rc1 Kf2 56. Rc3 Kg3 57. Rc2 Kf3 58. Rc3 Kg3 1/2-1/2

[Event "ch-Africa 2025"]
[Site "Kerdasa EGY"]
[Date "2025.05.14"]
[Round "2.3"]
[White "Sameh Mohamed, Abdalrahman"]
[Black "Fawzy, Adham"]
[Result "0-1"]
[WhiteTitle "IM"]
[BlackTitle "GM"]
[WhiteElo "2211"]
[BlackElo "2513"]
[WhiteFideId "54262674"]
[BlackFideId "10613129"]
[EventDate "2025.05.13"]

1. e4 c5 2. Nf3 Nc6 3. d4 cxd4 4. Nxd4 e5 5. Nb5 d6 6. c4 g6 7. N5c3 Bg7 8. Be2
Nge7 9. Na3 Nd4 10. Nab5 O-O 11. O-O Nec6 12. Nd5 f5 13. f3 f4 14. Nxd4 Nxd4 15.
b4 Be6 16. Bb2 g5 17. Bxd4 exd4 18. Bd3 Be5 19. Rc1 g4 20. c5 Kh8 21. cxd6 Qh4
22. Ne7 Rf6 23. Qe1 g3 24. h3 Bxh3 25. gxh3 Qxh3 26. Qe2 Rh6 27. Qg2 Qe6 28. Nf5
Rh2 29. Bc4 Qd7 30. Rfd1 Rf8 31. Bb3 Bxd6 32. Nxd4 Rc8 33. Be6 Rxc1 34. Rxc1 Qg7
35. Rc8+ Bf8 36. e5 Qxe5 37. Rxf8+ Kg7 38. Rg8+ Kf6 39. Rf8+ Ke7 0-1

[Event "ch-Africa 2025"]
[Site "Kerdasa EGY"]
[Date "2025.05.14"]
[Round "2.4"]
[White "Bellahcene, Bilel"]
[Black "Tamer Waguih, Farid"]
[Result "1-0"]
[WhiteTitle "GM"]
[BlackTitle "FM"]
[WhiteElo "2504"]
[BlackElo "2206"]
[WhiteFideId "696358"]
[BlackFideId "10685723"]
[EventDate "2025.05.13"]

1. e4 c5 2. Nf3 Nc6 3. d4 cxd4 4. Nxd4 Qb6 5. Nb3 Nf6 6. Nc3 e6 7. Qe2 d6 8. g4
Be7 9. g5 Nd7 10. Be3 Qc7 11. Nb5 Qb8 12. O-O-O a6 13. N5d4 Qc7 14. f4 b5 15.
Nxc6 Qxc6 16. Bg2 Qc7 17. h4 Bb7 18. h5 Rc8 19. Qf2 h6 20. Kb1 hxg5 21. fxg5 Ne5
22. Bc1 O-O 23. Nd4 Nc6 24. Nxc6 Qxc6 25. Rhg1 Qc7 26. Qe2 Qc4 27. Rd3 a5 28. g6
Bf6 29. e5 Bxg2 30. exf6 Be4 31. fxg7 Rfd8 32. gxf7+ Kxf7 33. Qd2 Kg8 34. Rg4
Qc6 35. Rc3 Qd5 36. Qxd5 exd5 37. Bh6 Rxc3 38. bxc3 Rd7 39. Kc1 Rc7 40. a3 Rb7
41. Kd2 Rf7 42. Rg1 Rf5 43. Be3 Rxh5 44. Bd4 Rh1 45. Rg3 Rh5 46. Ke3 Rh4 47. Rg5
Rh1 48. Rg4 Rh3+ 49. Kf4 Rh2 50. Rg3 Rh5 51. Kg4 Rh2 52. Re3 Rg2+ 53. Kf4 Rf2+
54. Kg5 Rg2+ 55. Kh4 Rh2+ 56. Kg3 Rg2+ 57. Kh3 Rg6 58. Re1 Rh6+ 59. Kg3 Rg6+ 60.
Kf4 Re6 61. Rb1 b4 62. axb4 axb4 63. Rxb4 Re8 64. Rb6 Bxc2 65. Rxd6 Be4 66. Kg5
Rc8 67. Rf6 Ra8 68. Kh6 Bd3 69. Bc5 Ra6 70. Bd6 1-0

[Event "ch-Africa 2025"]
[Site "Kerdasa EGY"]
[Date "2025.05.14"]
[Round "2.6"]
[White "Wafa, Hamed"]
[Black "Alhassadi, Yousef A."]
[Result "1-0"]
[WhiteTitle "IM"]
[BlackTitle "FM"]
[WhiteElo "2367"]
[BlackElo "2165"]
[WhiteFideId "10628452"]
[BlackFideId "9204725"]
[EventDate "2025.05.13"]

1. e4 c5 2. Nf3 e6 3. d4 cxd4 4. Nxd4 Nf6 5. Nc3 Nc6 6. a3 d5 7. exd5 exd5 8.
Be3 Be7 9. Qd2 O-O 10. O-O-O Be6 11. f3 Rc8 12. g4 Nxd4 13. Bxd4 a6 14. h4 b5
15. h5 b4 16. axb4 Bxb4 17. h6 g6 18. Qg5 Nd7 19. Qxd8 Re8 20. Qxc8 Rxc8 21.
Bxa6 Rd8 22. Bd3 Nc5 23. Kb1 1-0